| 000 | 00341nam a22001337a 4500 | ||
|---|---|---|---|
| 003 | OSt | ||
| 005 | 20160727222458.0 | ||
| 008 | 160705b xxu||||| |||| 00| 0 eng d | ||
| 100 |
_92225 _a Campbell, G |
||
| 245 | _aThe Tower and the Town | ||
| 260 |
_aChicago _b People's Book Club _c1950 |
||
| 300 | _aThe Tower and the Town | ||
| 942 |
_2ddc _cBK |
||
| 999 |
_c1917 _d1917 |
||